Nation-building and citizenship ; studies of our changing social order.

Bibliographic Details
Main Author: Bendix, Reinhard
Format: Book
Language:English
Published: New York : Wiley, [1964]
Subjects:

MARC

Tag First Indicator Second Indicator Subfields
LEADER 00000cam a2200000 4500
001 in00000053549
005 20151008050310.0
008 720124s1964 nyu b 00000 eng u
010 |a  64025898  
035 |a (OCoLC)00225594 
035 |9 AAG0349AM 
040 |c WOO  |d OCL  |d TXA  |d UtOrBLW 
049 |a TXAM  |c [457371] 
050 0 |a HM271  |b .B38 
092 |a 320.15  |b B458n 
100 1 |a Bendix, Reinhard. 
245 1 0 |a Nation-building and citizenship ;  |b studies of our changing social order. 
264 1 |a New York :  |b Wiley,  |c [1964] 
300 |a xii, 314 pages ;  |c 24 cm. 
336 |a text  |b txt  |2 rdacontent 
337 |a unmediated  |b n  |2 rdamedia 
338 |a volume  |b nc  |2 rdacarrier 
504 |a Bibliographical footnotes. 
650 0 |a Authority. 
650 0 |a State, The. 
999 |a MARS 
999 f f |s 4f58881e-7ba4-3d80-bc8a-1ce551005930  |i e70ca09c-a9da-3aaf-8a64-abf9fdc8805c  |t 0 
952 f f |p ric  |a Texas A&M University  |b Rellis Campus  |c Joint Library Facility  |d Remote Storage  |t 0  |e HM271 .B38  |h Library of Congress classification  |i unmediated -- volume  |m A14800658127 
998 f f |a HM271 .B38  |t 0  |l Remote Storage